[Event "National interclub championship"]
[Site "Eupen"]
[Date "1998.03.01"]
[Round "10"]
[White "Coenen, Norbert"]
[Black "Soetewey, Steven"]
[Result "1-0"]
[WhiteElo "2335"]
[BlackElo "2180"]
[Board "5"]
[WhiteTeam "SK Rochade Eupen"]
[BlackTeam "SK Moretus Hoboken"]
[WhiteTitle "FM"]
[PlyCount "61"]
[EventDate "1997.10.05"]
[Source "BelgaBase"]

1. e4 Nc6 2. Nf3 Nf6 3. e5 Ng4 4. d4 d6 5. h3 Nh6 6. exd6 Qxd6 7. Bb5 Bd7 8. d5
Ne5 9. Bxd7+ Nxd7 10. O-O O-O-O 11. c4 e5 12. Nc3 Kb8 13. Rb1 Rg8 14. Be3 a6
15. b4 Nf5 16. c5 Nxe3 17. fxe3 Qh6 18. Qe2 f6 19. Nd2 e4 20. Ndxe4 Re8 21. c6
Nb6 22. cxb7 Ka7 23. Rf3 Qg6 24. Qd3 Bd6 25. a4 Re5 26. Qd4 Kxb7 27. Nc5+ Ka7
28. e4 Rge8 29. a5 Rg5 30. Rb2 Be5 31. Qd3 1-0

[Event "National interclub championship"]
[Site "Tessenderlo"]
[Date "1998.03.01"]
[Round "10"]
[White "Welling, Gerard"]
[Black "Lemmers, Oscar"]
[Result "0-1"]
[WhiteElo "2335"]
[BlackElo "2365"]
[Board "1"]
[WhiteTeam "OSK Tessenderlo"]
[BlackTeam "K Ghent S Ruy Lopez"]
[WhiteTitle "IM"]
[BlackTitle "FM"]
[PlyCount "46"]
[EventDate "1997.10.05"]
[Source "BelgaBase"]

1. e4 c5 2. d3 Nc6 3. g3 d5 4. Nd2 g6 5. Bg2 e6 6. f4 Bg7 7. Nh3 Nge7 8. O-O
O-O 9. e5 f6 10. exf6 Bxf6 11. Nf3 Qd6 12. Nf2 e5 13. Re1 Bd7 14. c4 Bg7 15.
cxd5 Nxd5 16. Ne4 Qe7 17. Qb3 Be6 18. Neg5 Nxf4 19. Nxe6 Nxe6 20. Ng5 Ncd4 21.
Qxb7 Qxb7 22. Bxb7 Nxg5 23. Bxa8 Rxa8 0-1

[Event "National interclub championship"]
[Site "Tessenderlo"]
[Date "1998.03.01"]
[Round "10"]
[White "Hoogendoorn, Joost"]
[Black "van de Plassche, Bas"]
[Result "0-1"]
[WhiteElo "2300"]
[BlackElo "2340"]
[Board "2"]
[WhiteTeam "K Ghent S Ruy Lopez"]
[BlackTeam "OSK Tessenderlo"]
[WhiteTitle "FM"]
[BlackTitle "FM"]
[PlyCount "110"]
[EventDate "1997.10.05"]
[Source "BelgaBase"]

1. g3 g6 2. Bg2 Bg7 3. e4 c5 4. Ne2 Nc6 5. c3 e5 6. O-O Nge7 7. d3 O-O 8. Be3
d6 9. Na3 Be6 10. d4 exd4 11. cxd4 d5 12. Nb5 a6 13. Nbc3 cxd4 14. Nxd4 Nxd4
15. Bxd4 dxe4 16. Bxg7 Kxg7 17. Nxe4 Qb6 18. Qe2 h6 19. Rfd1 Rad8 20. Nd6 Nc6
21. b3 Kh7 22. Qb2 Qc7 23. Qa3 Qe7 24. Qc5 Bg4 25. Rd5 Be6 26. Re1 Qf6 27. Nxb7
Bxd5 28. Nxd8 Bxg2 29. Qxf8 Bd5 30. Rd1 Nd4 31. Nxf7 Nf3+ 32. Kg2 Nd4+ 33. Kf1
Bxf7 34. Rxd4 Bc4+ 35. Rxc4 Qxf8 36. Rc7+ Kg8 37. Rc6 Qf5 38. Rb6 Qd3+ 39. Kg1
Qd1+ 40. Kg2 Qd5+ 41. Kg1 Qd3 42. a4 Kf7 43. h4 a5 44. Rb5 Qd1+ 45. Kg2 Qe1 46.
g4 Ke6 47. h5 g5 48. f3 Qe2+ 49. Kg3 Qf1 50. Rb6+ Ke5 51. Rxh6 Qg1+ 52. Kh3 Kf4
53. Rf6+ Ke3 54. f4 Qh1+ 55. Kg3 gxf4+ 0-1

[Event "National interclub championship"]
[Site "Tessenderlo"]
[Date "1998.03.01"]
[Round "10"]
[White "Van der Stricht, Geert"]
[Black "van Schaardenburg, Mark"]
[Result "1/2-1/2"]
[WhiteElo "2300"]
[BlackElo "2250"]
[Board "4"]
[WhiteTeam "K Ghent S Ruy Lopez"]
[BlackTeam "OSK Tessenderlo"]
[PlyCount "31"]
[EventDate "1997.10.05"]
[Source "BelgaBase"]

1. d4 Nf6 2. Nf3 c5 3. d5 b5 4. c4 Bb7 5. a4 bxc4 6. Nc3 g6 7. e4 d6 8. Bxc4
Bg7 9. a5 O-O 10. Qe2 Ne8 11. O-O Nc7 12. a6 Bc8 13. h3 Nd7 14. Bg5 Rb8 15.
Rfd1 Rb4 16. Ra2 1/2-1/2

[Event "National interclub championship"]
[Site "Tessenderlo"]
[Date "1998.03.01"]
[Round "10"]
[White "Tjiam, Dharma"]
[Black "Van Herck, Marcel"]
[Result "1/2-1/2"]
[WhiteElo "2305"]
[BlackElo "2205"]
[Board "6"]
[WhiteTeam "K Ghent S Ruy Lopez"]
[BlackTeam "OSK Tessenderlo"]
[PlyCount "113"]
[EventDate "1997.10.05"]
[Source "BelgaBase"]

1. e4 e6 2. d4 d5 3. Nc3 Bb4 4. e5 c5 5. a3 Ba5 6. b4 cxd4 7. Nb5 Bc7 8. f4 Nh6
9. Nf3 Bd7 10. Nxc7+ Qxc7 11. Bd3 Qb6 12. Bb2 Bb5 13. Bxd4 Qa6 14. a4 Bxd3 15.
cxd3 Nf5 16. Bf2 h5 17. O-O b6 18. Qb3 Nd7 19. b5 Qb7 20. Qb4 f6 21. exf6 gxf6
22. Nd4 Nxd4 23. Bxd4 Kf7 24. Rae1 Rac8 25. Re3 Nc5 26. Qe1 Qe7 27. Qd1 Rcg8
28. Rh3 h4 29. f5 e5 30. Bf2 e4 31. Re1 Qe5 32. Bxc5 Qxf5 33. dxe4 Qxh3 34.
Qxd5+ Qe6 35. Qb7+ Kg6 36. Bd4 Rh7 37. Qa6 Rd8 38. Bf2 Rhd7 39. a5 Rd1 40. axb6
Rxe1+ 41. Bxe1 Qxb6+ 42. Qxb6 axb6 43. Bxh4 Rd2 44. Be1 Rb2 45. Bc3 Rxb5 46.
Kf2 Rb3 47. Bd4 b5 48. Ke2 Kg5 49. Kd2 Kf4 50. Kc2 Ra3 51. Bxf6 Kxe4 52. g4 Rh3
53. g5 Kd5 54. g6 Rxh2+ 55. Kb3 Rg2 56. g7 Rg4 57. Kc3 1/2-1/2

[Event "National interclub championship"]
[Site "Tessenderlo"]
[Date "1998.03.01"]
[Round "10"]
[White "Ooms, Andy"]
[Black "De Bruycker, Bernard"]
[Result "1-0"]
[WhiteElo "2165"]
[BlackElo "2115"]
[Board "7"]
[WhiteTeam "OSK Tessenderlo"]
[BlackTeam "K Ghent S Ruy Lopez"]
[PlyCount "78"]
[EventDate "1997.10.05"]
[Source "BelgaBase"]

1. d4 Nf6 2. Nf3 d5 3. Nbd2 Bf5 4. c4 e6 5. Qb3 Nc6 6. a3 Na5 7. Qa4+ c6 8.
cxd5 exd5 9. b4 Nc4 10. b5 cxb5 11. Qxb5+ Bd7 12. Qb3 Qa5 13. e4 Nb6 14. e5 Ne4
15. Bd3 Ba4 16. Qb1 Rc8 17. O-O Nc3 18. Nb3 Bxb3 19. Qxb3 Qa4 20. Qb2 Qd7 21.
Re1 Nba4 22. Qd2 Be7 23. Ng5 Qg4 24. Nf3 Rc6 25. h3 Qc8 26. Qf4 O-O 27. Nh4
Bxh4 28. Qxh4 h6 29. f4 Qd8 30. Qg4 Ne4 31. f5 Nac3 32. Rf1 Kh8 33. f6 Rg8 34.
Qh4 Nxf6 35. exf6 Rxf6 36. Rxf6 Qxf6 37. Qxf6 gxf6 38. Bxh6 Rg3 39. Bf5 b5 1-0

[Event "National interclub championship"]
[Site "Eupen"]
[Date "1998.03.01"]
[Round "10"]
[White "Dutreeuw, Marc"]
[Black "Hausrath, Daniel"]
[Result "1/2-1/2"]
[WhiteElo "2405"]
[BlackElo "2400"]
[Board "2"]
[WhiteTeam "K Antwerp SK"]
[BlackTeam "SK Eupen '47"]
[WhiteTitle "IM"]
[BlackTitle "IM"]
[PlyCount "114"]
[EventDate "1997.10.05"]
[Source "BelgaBase"]

1. e4 c5 2. Nf3 Nc6 3. d4 cxd4 4. Nxd4 Nf6 5. Nc3 e5 6. Ndb5 d6 7. Bg5 a6 8.
Na3 Be6 9. Nc4 Rc8 10. Bxf6 Qxf6 11. Nb6 Rb8 12. Ncd5 Qd8 13. h4 Be7 14. g3 O-O
15. Bg2 Nb4 16. Nxe7+ Qxe7 17. Qd2 Nc6 18. c3 Qd8 19. Nd5 Ne7 20. Ne3 Qc7 21.
O-O Kh8 22. Rfd1 Rbd8 23. Qe2 g6 24. h5 Kg7 25. f4 exf4 26. gxf4 f5 27. exf5
Bxf5 28. Qd2 gxh5 29. Qd4+ Rf6 30. Rd2 d5 31. Bxd5 Qb6 32. Rad1 Bg4 33. Qxb6
Rxb6 34. Be4 Rf8 35. Rf1 Re6 36. Rd4 Nc6 37. Rd7+ Ne7 38. Nxg4 Rxe4 39. Ne5 Kf6
40. Rxb7 Rg8+ 41. Kf2 Nd5 42. Rxh7 Rxf4+ 43. Nf3 Rb8 44. Rh6+ Kf7 45. Rxh5
Rxb2+ 46. Kg3 Nf6 47. Ra5 Rg4+ 48. Kh3 Kg7 49. Nh4 Rc4 50. Rxa6 Rxc3+ 51. Rf3
Nd5 52. Nf5+ Kf7 53. Rxc3 Nxc3 54. a4 Nxa4 55. Rxa4 Kf6 56. Kg4 Rg2+ 57. Ng3
Rb2 1/2-1/2

[Event "National interclub championship"]
[Site "Eupen"]
[Date "1998.03.01"]
[Round "10"]
[White "Middelburg, Tom"]
[Black "Thirion, Marcel"]
[Result "1-0"]
[WhiteElo "2235"]
[BlackElo "2220"]
[Board "4"]
[WhiteTeam "K Antwerp SK"]
[BlackTeam "SK Eupen '47"]
[PlyCount "87"]
[EventDate "1997.10.05"]
[Source "BelgaBase"]

1. e4 e5 2. Nf3 Nc6 3. Nc3 Nf6 4. Bb5 Bb4 5. O-O Bxc3 6. bxc3 d6 7. Re1 O-O 8.
d4 Bd7 9. h3 Rc8 10. Bd3 Na5 11. c4 c5 12. d5 Rb8 13. Bg5 h6 14. Bh4 b6 15. Nd2
g5 16. Bg3 Kg7 17. f3 Nh5 18. Bf2 Nf4 19. Kh2 Qc8 20. Bf1 Rg8 21. g3 Ng6 22.
Be3 f6 23. Nb3 Qa6 24. Qd3 b5 25. cxb5 Bxb5 26. Qc3 Bxf1 27. Qxa5 Qxa5 28. Nxa5
Bb5 29. a4 Bd7 30. Nc4 Rb4 31. Nxd6 Rb2 32. Re2 Bc8 33. Bxc5 Ba6 34. Rd2 Rgb8
35. Ba3 Rb1 36. Rxb1 Rxb1 37. Nf5+ Kh7 38. d6 Nf8 39. d7 Nxd7 40. Rxd7+ Kh8 41.
Be7 Be2 42. Bxf6+ Kg8 43. Nxh6+ Kf8 44. Rd8# 1-0

[Event "National interclub championship"]
[Site "Eupen"]
[Date "1998.03.01"]
[Round "10"]
[White "Renet, Jacques"]
[Black "Lavrenov, Yuli"]
[Result "1/2-1/2"]
[WhiteElo "2260"]
[BlackElo "2110"]
[Board "5"]
[WhiteTeam "SK Eupen '47"]
[BlackTeam "K Antwerp SK"]
[PlyCount "128"]
[EventDate "1997.10.05"]
[Source "BelgaBase"]

1. g3 g6 2. Bg2 Bg7 3. d3 d5 4. c3 c5 5. Qb3 Nf6 6. Bg5 e6 7. e4 dxe4 8. dxe4
Nbd7 9. Ne2 O-O 10. Nd2 h6 11. Be3 Ng4 12. Nc4 Nxe3 13. Nxe3 Qc7 14. O-O b6 15.
f4 Bb7 16. g4 Rad8 17. f5 exf5 18. gxf5 g5 19. Nd5 Bxd5 20. exd5 Be5 21. h3 Nf6
22. c4 Rfe8 23. Bf3 Re7 24. Rad1 Bh2+ 25. Kh1 Bd6 26. Qc2 Rde8 27. Rd3 Re3 28.
Nc3 R8e5 29. Rxe3 Rxe3 30. Nd1 Re8 31. Qd2 Qe7 32. Qg2 Ne4 33. Bxe4 Qxe4 34.
Qxe4 Rxe4 35. b3 Re2 36. Nc3 Rh2+ 37. Kg1 Rxh3 38. Nb5 Be5 39. Rd1 a6 40. Na7
Kf8 41. d6 Bd4+ 42. Kg2 Re3 43. Nc8 Ke8 44. Nxb6 h5 45. b4 g4 46. bxc5 Bxc5 47.
Na4 Re5 48. d7+ Kd8 49. f6 h4 50. Rh1 h3+ 51. Kg3 Kxd7 52. Kxg4 Ke6 53. Nxc5+
Rxc5 54. Rxh3 Rxc4+ 55. Kg5 Rc5+ 56. Kg4 Ra5 57. Rh2 Kxf6 58. Rh6+ Ke7 59. Rh2
Ke6 60. Re2+ Re5 61. Rb2 Re4+ 62. Kg5 f6+ 63. Kg6 Rg4+ 64. Kh5 Kf5 1/2-1/2

[Event "National interclub championship"]
[Site "Ans"]
[Date "1998.03.01"]
[Round "10"]
[White "Hauchard, Arnaud"]
[Black "Tondivar, Babak"]
[Result "1-0"]
[WhiteElo "2480"]
[BlackElo "2305"]
[Board "3"]
[WhiteTeam "La Tour d'Ans-Loncin"]
[BlackTeam "CC Anderlecht"]
[WhiteTitle "IM"]
[BlackTitle "FM"]
[PlyCount "87"]
[EventDate "1997.10.05"]
[Source "BelgaBase"]

1. d4 e6 2. c4 Nf6 3. Nc3 Bb4 4. Qc2 O-O 5. a3 Bxc3+ 6. Qxc3 b6 7. Bg5 Bb7 8.
Nf3 h6 9. Bh4 d6 10. Nd2 Nbd7 11. f3 c5 12. e3 d5 13. dxc5 bxc5 14. Bd3 Qb6 15.
Bf2 a5 16. b3 Rfc8 17. O-O Ba6 18. Rab1 Qc6 19. Rfc1 Nb6 20. cxd5 exd5 21. Bf5
Nfd7 22. b4 axb4 23. axb4 Qd6 24. Bg3 Qe7 25. bxc5 Rxc5 26. Qd4 Rac8 27. Rxc5
Qxc5 28. Be5 Qxd4 29. Bxd4 Rc6 30. Ra1 Nb8 31. Nb3 g6 32. Na5 Rd6 33. Be5 Rd8
34. Bc7 Re8 35. Bxg6 fxg6 36. Bxb6 Rc8 37. Bd4 Nc6 38. Nxc6 Rxc6 39. Ra5 Bc4
40. Ra8+ Kf7 41. Ra7+ Ke6 42. g4 Be2 43. Kf2 Rc2 44. Rh7 1-0

[Event "National interclub championship"]
[Site "Ans"]
[Date "1998.03.01"]
[Round "10"]
[White "Philippe, Christophe"]
[Black "Tonoli, Walter"]
[Result "1-0"]
[WhiteElo "2270"]
[BlackElo "2240"]
[Board "5"]
[WhiteTeam "La Tour d'Ans-Loncin"]
[BlackTeam "CC Anderlecht"]
[BlackTitle "FM"]
[PlyCount "83"]
[EventDate "1997.10.05"]
[Source "BelgaBase"]

1. e4 c5 2. Nf3 g6 3. d4 Bg7 4. dxc5 Qa5+ 5. Nc3 Nf6 6. Bd3 Na6 7. O-O Nxc5 8.
h3 Nxd3 9. cxd3 O-O 10. Be3 d5 11. e5 Nd7 12. d4 e6 13. Qc1 Re8 14. Bh6 Bh8 15.
Qf4 b5 16. Nd1 Ba6 17. Ne3 Rac8 18. Ng4 Rc2 19. a3 Qc7 20. Rac1 f5 21. exf6
Qxf4 22. Bxf4 Rec8 23. Nh6+ Kf8 24. Bd6+ Ke8 25. f7+ Kd8 26. Rxc2 Rxc2 27. Ng5
Kc8 28. Nxe6 Rc6 29. Nc5 Bg7 30. Nxd7 Bxh6 31. Bf4 Bg7 32. Be5 Bh6 33. f8=Q+
Bxf8 34. Nxf8 b4 35. Re1 b3 36. Nxh7 Rc2 37. Rb1 Bd3 38. Nf6 Rd2 39. Bf4 Re2
40. Rc1+ Kd8 41. Rc3 Bc4 42. Bc1 1-0

[Event "National interclub championship"]
[Site "Ans"]
[Date "1998.03.01"]
[Round "10"]
[White "Gulbas, Cemil"]
[Black "Faybish, Nimrod"]
[Result "1/2-1/2"]
[WhiteElo "2190"]
[BlackElo "2225"]
[Board "7"]
[WhiteTeam "La Tour d'Ans-Loncin"]
[BlackTeam "CC Anderlecht"]
[PlyCount "59"]
[EventDate "1997.10.05"]
[Source "BelgaBase"]

1. e4 e5 2. Nf3 d6 3. d4 f5 4. Nc3 fxe4 5. Nxe4 d5 6. Neg5 e4 7. Ne5 Nh6 8.
Nxh7 Ng4 9. Nxf8 Nxe5 10. dxe5 Kxf8 11. Bf4 c5 12. Qd2 Nc6 13. Bg5 Qd7 14.
O-O-O d4 15. f3 e3 16. Bxe3 Qe6 17. b3 dxe3 18. Qxe3 Qe7 19. Bc4 Be6 20. Bxe6
Qxe6 21. Qxc5+ Qe7 22. Qxe7+ Kxe7 23. f4 Rad8 24. Rde1 Rd4 25. g3 Ke6 26. c3
Rd3 27. Kc2 Rf3 28. Rd1 Rf2+ 29. Rd2 Rf3 30. Rhd1 1/2-1/2

[Event "National interclub championship"]
[Site "Ghent"]
[Date "1998.03.15"]
[Round "11"]
[White "Van der Stricht, Geert"]
[Black "Van Houtte, Thierry"]
[Result "1-0"]
[WhiteElo "2300"]
[BlackElo "2235"]
[Board "3"]
[WhiteTeam "K Ghent S Ruy Lopez"]
[BlackTeam "CRÉ Brussels"]
[PlyCount "171"]
[EventDate "1997.10.05"]
[Source "BelgaBase"]

1. d4 d5 2. c4 c6 3. Nc3 Nf6 4. e3 g6 5. Nf3 Bg7 6. Bd3 O-O 7. h3 c5 8. dxc5
dxc4 9. Bxc4 Qa5 10. O-O Qxc5 11. Bb3 Nc6 12. e4 Nd7 13. Be3 Qa5 14. Nd2 Qd8
15. Nc4 Nde5 16. Nxe5 Bxe5 17. Qe2 Qa5 18. Rad1 Rd8 19. Rxd8+ Qxd8 20. Rd1 Qf8
21. f4 Bg7 22. e5 g5 23. Bc2 Kh8 24. Qh5 Qg8 25. Bb3 Be6 26. Bxe6 fxe6 27. Ne4
gxf4 28. Bxf4 Rd8 29. Rxd8 Nxd8 30. Ng5 h6 31. Kh2 Qf8 32. Bg3 Kg8 33. Nf3 Qf7
34. Qg4 Qf5 35. Qb4 Qf8 36. Qa4 Nc6 37. Qb3 Nd8 38. Nd4 Qf7 39. Qc4 Nc6 40.
Nxc6 bxc6 41. Qxc6 Qf5 42. Qa8+ Kf7 43. Qb8 h5 44. h4 Qe4 45. Qb5 Bh6 46. b4
Be3 47. Qf1+ Ke8 48. Qd1 Qf5 49. Kh1 Qg6 50. Kh2 Qf5 51. Qe2 Bd4 52. b5 Kf7 53.
a4 Bb6 54. Qd1 Kg6 55. Qd2 Qg4 56. a5 Bd4 57. Qd3+ Kf7 58. Qf3+ Qf5 59. Qf4 Bc5
60. Qc4 Bf2 61. Bxf2 Qxf2 62. Qe4 Qc5 63. Qh7+ Kf8 64. Qh8+ Kf7 65. Qxh5+ Kg7
66. Qe2 Qb4 67. g3 Qxa5 68. h5 Qb4 69. Kh3 Qb1 70. Qg4+ Kf8 71. Qf3+ Kg7 72.
Qg4+ Kf8 73. Qf3+ Kg7 74. Qg4+ Kf8 75. Qf4+ Ke8 76. h6 Qh1+ 77. Kg4 Qd1+ 78.
Kg5 Qb1 79. g4 Qc2 80. Kh5 Qb1 81. g5 Qh1+ 82. Kg6 Kd7 83. Qd4+ Ke8 84. h7 a6
85. b6 Qb1+ 86. Kg7 1-0

[Event "National interclub championship"]
[Site "Ghent"]
[Date "1998.03.15"]
[Round "11"]
[White "Kerkhof, Philippe"]
[Black "Goormachtigh, Johan"]
[Result "1/2-1/2"]
[WhiteElo "2240"]
[BlackElo "2310"]
[Board "4"]
[WhiteTeam "CRÉ Brussels"]
[BlackTeam "K Ghent S Ruy Lopez"]
[BlackTitle "FM"]
[PlyCount "21"]
[EventDate "1997.10.05"]
[Source "BelgaBase"]

1. e4 c5 2. Nf3 d6 3. c3 Nf6 4. Be2 g6 5. O-O Bg7 6. Bb5+ Nbd7 7. Re1 a6 8. Bf1
Ne5 9. Nxe5 dxe5 10. a4 b6 11. Bc4 1/2-1/2

[Event "National interclub championship"]
[Site "Ghent"]
[Date "1998.03.15"]
[Round "11"]
[White "Tjiam, Dharma"]
[Black "Johannes, Alex"]
[Result "1-0"]
[WhiteElo "2305"]
[BlackElo "2155"]
[Board "5"]
[WhiteTeam "K Ghent S Ruy Lopez"]
[BlackTeam "CRÉ Brussels"]
[PlyCount "119"]
[EventDate "1997.10.05"]
[Source "BelgaBase"]

1. e4 e5 2. Nf3 Nc6 3. Bb5 Nge7 4. O-O g6 5. c3 Bg7 6. d4 exd4 7. cxd4 d5 8.
exd5 Nxd5 9. Re1+ Be6 10. Nc3 O-O 11. h3 Nce7 12. Ne4 c6 13. Ba4 Bf5 14. Bg5 h6
15. Bh4 Re8 16. Bb3 Bxe4 17. Rxe4 Nf6 18. Bxf6 Bxf6 19. Qd2 Kg7 20. Rae1 Qd7
21. Qe2 Kf8 22. Ne5 Bxe5 23. dxe5 Nd5 24. Rd4 Rad8 25. Qd2 Kg7 26. f4 h5 27.
Rd1 Qf5 28. Qf2 g5 29. Bc2 Qe6 30. Qg3 f6 31. exf6+ Qxf6 32. fxg5 Qe5 33. Qxe5+
Rxe5 34. h4 Rf8 35. Re4 Ref5 36. Rd2 Rf1+ 37. Kh2 R1f2 38. Ree2 Rf1 39. Bb3
R8f5 40. Bxd5 cxd5 41. Re7+ Kg6 42. Re6+ Kf7 43. Ree2 R1f4 44. g3 Ra4 45. a3
Ra6 46. Kg2 Re6 47. Rf2 Rxf2+ 48. Kxf2 Re5 49. Rd3 a5 50. Re3 Rf5+ 51. Rf3 Ke6
52. Rxf5 Kxf5 53. a4 Ke5 54. Ke3 Kf5 55. Kd4 Ke6 56. g6 Kf6 57. Kxd5 Kxg6 58.
Ke6 Kg7 59. Kf5 Kh6 60. Kf6 1-0

[Event "National interclub championship"]
[Site "Ghent"]
[Date "1998.03.15"]
[Round "11"]
[White "Luminet, Denis"]
[Black "Gommers, Ralf"]
[Result "0-1"]
[WhiteElo "2285"]
[BlackElo "2325"]
[Board "6"]
[WhiteTeam "CRÉ Brussels"]
[BlackTeam "K Ghent S Ruy Lopez"]
[PlyCount "78"]
[EventDate "1997.10.05"]
[Source "BelgaBase"]

1. c4 c5 2. Nf3 Nf6 3. Nc3 e6 4. e3 b6 5. d4 cxd4 6. exd4 Bb7 7. Bd3 d5 8. cxd5
Nxd5 9. O-O Nd7 10. Qe2 Be7 11. Rd1 O-O 12. Nxd5 Bxd5 13. Bf4 Nf6 14. Ne5 Bb7
15. Bc4 Nd5 16. Bg3 Bg5 17. Qg4 Qe7 18. h4 Bh6 19. h5 f5 20. Qh3 Bg5 21. Nf3
Bf6 22. Bb3 a5 23. a3 a4 24. Ba2 Rac8 25. Rac1 Qd7 26. Be5 Bxe5 27. Nxe5 Qb5
28. Rxc8 Rxc8 29. Qg3 Qe2 30. Qd3 Qxb2 31. Bxd5 Bxd5 32. Qa6 Qc2 33. Re1 Qc3
34. Rb1 Ra8 35. Qxb6 Qxa3 36. Qc7 Qf8 37. Nd7 Qd8 38. Qxd8+ Rxd8 39. Nc5 a3 0-1

[Event "National interclub championship"]
[Site "Leuven"]
[Date "1998.03.15"]
[Round "11"]
[White "Claesen, Pieter"]
[Black "van Mil, Johan"]
[Result "1/2-1/2"]
[WhiteElo "2430"]
[BlackElo "2435"]
[Board "1"]
[WhiteTeam "LV Leuven"]
[BlackTeam "OSK Tessenderlo"]
[WhiteTitle "IM"]
[BlackTitle "IM"]
[PlyCount "133"]
[EventDate "1997.10.05"]
[Source "BelgaBase"]

1. c4 g6 2. g3 Bg7 3. Nc3 d6 4. Bg2 f5 5. d3 e5 6. e4 Nc6 7. Nge2 Nf6 8. O-O
O-O 9. Nd5 Be6 10. Bg5 Qd7 11. Rc1 Rae8 12. Qd2 Nh5 13. Be3 Nd8 14. exf5 Bxf5
15. d4 Nf7 16. b3 c6 17. Ndc3 e4 18. Rce1 Bh3 19. f3 exf3 20. Rxf3 Bg4 21. Rff1
Nf6 22. Kh1 Bf5 23. d5 c5 24. Nf4 Ng4 25. Bg1 Nge5 26. Nd1 Bh6 27. Ne3 Bxf4 28.
Rxf4 Bh3 29. Ref1 Bxg2+ 30. Nxg2 Qe7 31. Rf6 Nd8 32. Qf4 Rxf6 33. Qxf6 Qxf6 34.
Rxf6 Nef7 35. Be3 Kg7 36. Rf1 g5 37. h4 h6 38. Kg1 Kg6 39. Bd2 Ne5 40. Bc3 Ndf7
41. Ne3 gxh4 42. gxh4 h5 43. Ng2 Rg8 44. Kh2 a6 45. Nf4+ Kh6 46. Ne6 Rg4 47.
Rf6+ Kh7 48. Kh3 Kg8 49. Bxe5 Nxe5 50. Rf5 b5 51. Rxh5 Re4 52. Rg5+ Kh7 53.
cxb5 axb5 54. Rg7+ Kh6 55. Rg8 Re3+ 56. Kg2 c4 57. bxc4 bxc4 58. Rh8+ Kg6 59.
h5+ Kf6 60. h6 Ng6 61. Rc8 Ra3 62. h7 Rxa2+ 63. Kg3 Ra1 64. h8=Q+ Nxh8 65. Rxh8
c3 66. Rc8 Ke5 67. Rxc3 1/2-1/2

[Event "National interclub championship"]
[Site "Leuven"]
[Date "1998.03.15"]
[Round "11"]
[White "van de Plassche, Bas"]
[Black "Claesen, Jeroen"]
[Result "1-0"]
[WhiteElo "2340"]
[BlackElo "2320"]
[Board "2"]
[WhiteTeam "OSK Tessenderlo"]
[BlackTeam "LV Leuven"]
[WhiteTitle "FM"]
[BlackTitle "FM"]
[PlyCount "51"]
[EventDate "1997.10.05"]
[Source "BelgaBase"]

1. e4 d6 2. d4 Nf6 3. Nc3 g6 4. f4 Bg7 5. Nf3 O-O 6. Be2 c5 7. dxc5 Qa5 8. O-O
Qxc5+ 9. Kh1 Nbd7 10. Bd3 b6 11. Qe1 Bb7 12. Be3 Qc6 13. f5 Nc5 14. fxg6 fxg6
15. Ng5 Nxd3 16. cxd3 d5 17. Qh4 h6 18. Nf3 dxe4 19. dxe4 Nxe4 20. Bxh6 Bxh6
21. Nxe4 Qxe4 22. Qxh6 Rf6 23. Rfe1 Qf4 24. Ng5 Rf7 25. Qxg6+ Rg7 26. Qxg7+ 1-0

[Event "National interclub championship"]
[Site "Leuven"]
[Date "1998.03.15"]
[Round "11"]
[White "Vanderwaeren, Serge"]
[Black "Van Beers, Eddy"]
[Result "1/2-1/2"]
[WhiteElo "2320"]
[BlackElo "2275"]
[Board "3"]
[WhiteTeam "LV Leuven"]
[BlackTeam "OSK Tessenderlo"]
[WhiteTitle "FM"]
[PlyCount "53"]
[EventDate "1997.10.05"]
[Source "BelgaBase"]

1. Nf3 f5 2. d3 d6 3. c4 g6 4. Nc3 Nf6 5. Bg5 Bg7 6. Qd2 h6 7. Bxf6 Bxf6 8. Nd5
Bg7 9. Nf4 Kf7 10. d4 e5 11. Nd5 Nc6 12. e3 exd4 13. exd4 Re8+ 14. Be2 g5 15.
h3 g4 16. hxg4 fxg4 17. O-O-O gxf3 18. Bxf3 Nxd4 19. Qf4+ Nf5 20. Bh5+ Kg8 21.
Bxe8 Qxe8 22. Nxc7 Qa4 23. Nxa8 Qxa2 24. Kd2 Nd4 25. Ke1 Qxc4 26. Rxd4 Bxd4 27.
Rh4 1/2-1/2

[Event "National interclub championship"]
[Site "Leuven"]
[Date "1998.03.15"]
[Round "11"]
[White "van Schaardenburg, Mark"]
[Black "Van Mechelen, Jan"]
[Result "1/2-1/2"]
[WhiteElo "2250"]
[BlackElo "2265"]
[Board "4"]
[WhiteTeam "OSK Tessenderlo"]
[BlackTeam "LV Leuven"]
[BlackTitle "FM"]
[PlyCount "70"]
[EventDate "1997.10.05"]
[Source "BelgaBase"]

1. e4 c5 2. Nc3 d6 3. f4 Nc6 4. Bc4 g6 5. Nf3 Bg7 6. O-O e6 7. f5 exf5 8. d3
Nge7 9. Qe1 a6 10. Bf4 Ne5 11. exf5 Bxf5 12. Nxe5 dxe5 13. Bxe5 Bxe5 14. Qxe5
Qd4+ 15. Qxd4 cxd4 16. Ne2 Nc6 17. Rae1 O-O 18. Ng3 Be6 19. Bxe6 fxe6 20. Rxe6
Rxf1+ 21. Nxf1 Kf7 22. Re4 Rd8 23. a3 Rd5 24. Nd2 b5 25. Rf4+ Ke7 26. Ne4 Nd8
27. Nf6 Rc5 28. Ng8+ Ke8 29. Rxd4 Rxc2 30. Nf6+ Ke7 31. Rd7+ Kxf6 32. Rxd8 Rxb2
33. Rd6+ Kg7 34. Rxa6 Rd2 35. Rd6 Ra2 1/2-1/2

[Event "National interclub championship"]
[Site "Leuven"]
[Date "1998.03.15"]
[Round "11"]
[White "Craps, Ben"]
[Black "Sziva, Erika"]
[Result "1/2-1/2"]
[WhiteElo "2185"]
[BlackElo "2310"]
[Board "5"]
[WhiteTeam "LV Leuven"]
[BlackTeam "OSK Tessenderlo"]
[BlackTitle "WIM"]
[PlyCount "83"]
[EventDate "1997.10.05"]
[Source "BelgaBase"]

1. d4 g6 2. e4 Bg7 3. Nf3 c6 4. c3 d5 5. Nbd2 Nh6 6. Bd3 f6 7. O-O O-O 8. Re1
Nf7 9. c4 dxe4 10. Nxe4 Na6 11. c5 Nc7 12. Bc4 Bg4 13. Be3 Nd5 14. h3 Bxf3 15.
Qxf3 Qd7 16. Rad1 Rad8 17. Nc3 f5 18. Bxd5 cxd5 19. b4 a6 20. a4 g5 21. Bc1
Rfe8 22. b5 axb5 23. axb5 Bf6 24. Qd3 e5 25. Na4 e4 26. Qb3 f4 27. Nb6 Qf5 28.
c6 bxc6 29. bxc6 f3 30. c7 Rd6 31. c8=Q Rxc8 32. Nxc8 Qxc8 33. Ba3 Rd8 34. Kh2
fxg2 35. Rg1 Qc7+ 36. Kxg2 Nh6 37. Kh1 Nf5 38. Bc5 Qf4 39. Rg2 Nh4 40. Rh2 Nf3
41. Rg2 Nh4 42. Rgg1 1/2-1/2

[Event "National interclub championship"]
[Site "Leuven"]
[Date "1998.03.15"]
[Round "11"]
[White "Van Herck, Marcel"]
[Black "Praet, Maarten"]
[Result "1/2-1/2"]
[WhiteElo "2205"]
[BlackElo "2190"]
[Board "6"]
[WhiteTeam "OSK Tessenderlo"]
[BlackTeam "LV Leuven"]
[PlyCount "56"]
[EventDate "1997.10.05"]
[Source "BelgaBase"]

1. e4 c5 2. Nf3 g6 3. d4 cxd4 4. Nxd4 Bg7 5. c4 Nc6 6. Be3 Nf6 7. Nc3 Ng4 8.
Qxg4 Nxd4 9. Qd1 Ne6 10. Qd2 Qa5 11. Rc1 b6 12. Bd3 Bb7 13. Bb1 Rc8 14. b3 Bxc3
15. Rxc3 b5 16. O-O O-O 17. Bh6 Rfd8 18. Rfc1 bxc4 19. Rxc4 Qxd2 20. Bxd2 Rxc4
21. Rxc4 d5 22. Rc1 dxe4 23. Bb4 Rd7 24. Re1 Nf4 25. Bxe4 Ba6 26. Bf3 e6 27. g3
Nd3 28. Rd1 f5 1/2-1/2

[Event "National interclub championship"]
[Site "Leuven"]
[Date "1998.03.15"]
[Round "11"]
[White "Houdart, Robert"]
[Black "Ooms, Andy"]
[Result "1/2-1/2"]
[WhiteElo "2115"]
[BlackElo "2165"]
[Board "7"]
[WhiteTeam "LV Leuven"]
[BlackTeam "OSK Tessenderlo"]
[PlyCount "48"]
[EventDate "1997.10.05"]
[Source "BelgaBase"]

1. d4 Nf6 2. c4 c5 3. d5 b5 4. a4 b4 5. Nd2 e5 6. e4 d6 7. g3 g6 8. Bg2 Bg7 9.
Ne2 a5 10. O-O O-O 11. Qe1 Ra7 12. b3 Re7 13. Bb2 Ne8 14. Ra2 f5 15. f3 Nf6 16.
Nc1 Bh6 17. Nd3 fxe4 18. Nxe4 Bf5 19. Ndf2 Ref7 20. Ra1 Nxe4 21. Nxe4 Bxe4 22.
Qxe4 Qg5 23. Bh3 Qe3+ 24. Qxe3 Bxe3+ 1/2-1/2